000 00608nam a2200193Ia 4500
008 090124s9999 xx 000 0 und d
020 _a81-7766-474-3
082 _b42285
100 _aटाकळकर मीना
245 _a सुजाण पालकत्व
250 _a1
260 _bमेहता पब्लिशिंग हाऊस
_c2004
300 _a90
600 _aटाकळकर मीना
630 _a सुजाण पालकत्व
700 _aटाकळकर मीना
730 _a सुजाण पालकत्व
942 _cBOOK
999 _c108460
_d108460